Electronics / (Record no. 1449)

MARC details
000 -LEADER
fixed length control field 00642nam a2200241 a 4500
001 - ACCESSION NUMBER
control field 7657
003 - CONTROL NUMBER IDENTIFIER
control field CUTN
005 - DATE AND TIME OF LATEST TRANSACTION
control field 20131129113002.0
008 - FIXED-LENGTH DATA ELEMENTS--GENERAL INFORMATION
fixed length control field 060110s2006 enka b 000 0 eng
015 ## - NATIONAL BIBLIOGRAPHY NUMBER
National bibliography number GBA629842
Source bnb
020 ## - INTERNATIONAL STANDARD BOOK NUMBER
International Standard Book Number 9788184871470
035 ## - SYSTEM CONTROL NUMBER
System control number (Uk)013420745
040 ## - CATALOGING SOURCE
Original cataloging agency StDuBDS
Transcribing agency LOC
082 04 - DEWEY DECIMAL CLASSIFICATION NUMBER
Classification number 621.381
Edition number 22
100 1# - MAIN ENTRY--PERSONAL NAME
Personal name Arun, P.
Locally assigned cutter number (author) ARU
245 10 - TITLE STATEMENT
Title Electronics /
Statement of responsibility, etc P. Arun.
260 ## - PUBLICATION, DISTRIBUTION, ETC. (IMPRINT)
Place of publication, distribution, etc Delhi
Name of publisher, distributor, etc Narosa
Date of publication, distribution, etc 2006.
300 ## - PHYSICAL DESCRIPTION
Extent xi, 423 p. :
Other physical details ill. ;
Dimensions 24 cm.
504 ## - BIBLIOGRAPHY, ETC. NOTE
Bibliography, etc Includes bibliographical references.
650 #0 - SUBJECT ADDED ENTRY--TOPICAL TERM
Topical term or geographic name as entry element Electronics.
942 ## - ADDED ENTRY ELEMENTS (KOHA)
Source of classification or shelving scheme Dewey Decimal Classification
Koha item type General Books
Koha issues (borrowed), all copies 1
Holdings
Date last seen Total Checkouts Total Renewals Full call number Barcode Date checked out Copy number Price effective from Koha item type Lost status Source of classification or shelving scheme Damaged status Not for loan Withdrawn status Home library Current library Shelving location Date acquired
31/07/2024 19 14 537.5 7657 18/07/2024 1 19/04/2013 General Books   Dewey Decimal Classification       CUTN Central Library CUTN Central Library Sciences 19/04/2013
16/12/2022 13 11 537.5 7659 21/11/2022 2 19/04/2013 General Books   Dewey Decimal Classification       CUTN Central Library CUTN Central Library Sciences 19/04/2013
12/07/2023 12 9 537.5 7656 20/06/2023 3 19/04/2013 General Books   Dewey Decimal Classification       CUTN Central Library CUTN Central Library Sciences 19/04/2013
21/04/2025 20 14 537.5 7658 03/04/2025 2 19/04/2013 General Books   Dewey Decimal Classification       CUTN Central Library CUTN Central Library Sciences 19/04/2013